000 01027cam a2200241 i 4500
003 SA-RiAUC
005 20260125135251.0
008 260112s1924 ua g 000 0 ara c
040 _aSA-RiKSU
_bara
_cSA-RiAUC
_erda
082 0 4 _a213
090 _aم ن 213
_bا ب و س
100 1 _aأبو السمح، عبد الظاهر بن محمد نور الدين،
_d1882-1950
_eمؤلف.
245 1 0 _aمذكرة دفاع لدحض المفتريات التي افتراها بعض الحاسدين وطلبوا محاكمته عليها /
_cعبد الظاهر محمد أبو السمح.
264 1 _aالقاهرة :
_b[الناشر غير محدد]،
_c[1924]
264 3 _aالقاهرة
_bمطبعة المنار
300 _a45 صفحة ؛
_c28 سم
336 _aنص
_btxt
_2rdacontent
_3كتاب
337 _aبدون وسيط
_bn
_2rdamedia
338 _aمجلد
_bnc
_2rdacarrier
650 7 _aالدعوة الإسلامية
_2aucsh
942 _2ddc
_cRBOOK COPY
_n0
949 _aSA-JeALM
_d260112
_umohamedma123
_n1
999 _c14166
_d14166